ბათუმის შოთა რუსთაველის სახელმწიფო უნივერსიტეტის ბიბლიოთეკა

"ვეფხისტყაოსნის" გამოცემათა ბიბლიოგრაფია 1712-2008 / (ბიბ.ჩანაწერი № 40463)

000 -ლიდერი
ფიქსირებული სიგრძის საკონტროლო ველი 01683nam a2200301Ia 4500
001 - საკონტროლო ნომერი
საკონტროლო ველი 7073
003 - საკონტროლო ნომრის იდენტიფიკატორი
საკონტროლო ველი GE_BSU
005 - ბოლო ოპერაციის თარიღი და დრო
საკონტროლო ველი 20190422162824.0
008 - ფიქსირებული სიგრძის მონაცემთა ელემენტები - ზოგადი ინფორმაცია
ფიქსირებული სიგრძის საკონტროლო ველი 181216s2009||||ge |||||||||||||| ||geo||
020 ## - წიგნის საერთაშორისო სტანდარტული ნომერი
International Standard Book Number 9789941906701
040 ## - კატალოგიზაციის წყარო
Transcribing agency GE_BSU
080 ## - უნივერსალური ათობითი კლასიფიკაციის ინდექსი
Universal Decimal Classification number 016:821.353.1-13 ჩ-97
100 ## - მთავარი ჩანაწერი - პიროვნების სახელი
Personal name ჩხეიძე, მამუკა
9 (RLIN) 327
245 ## - ცნობა სათაურის შესახებ
Title "ვეფხისტყაოსნის" გამოცემათა ბიბლიოგრაფია 1712-2008 /
264 ## - წარმოების, გამოცემის, დისტრიბუციის და სხვა ცნობები
გამოცემის, წარმოების, დისტრიბუციის... ადგილი თბილისი.
გამოცემის, წარმოების, დისტრიბუციის... სახელწოდება სეზანი,
გამოცემის, წარმოების, დისტრიბუციის... თარიღი 2009.
300 ## - ფიზიკური აღწერა
Extent 80გვ. :
Other physical details ილ.
300 ## - ფიზიკური აღწერა
Other physical details საძიებელი:გვ.70-79.
490 ## - სერიის ცნობა
Series statement პროექტი - ჩვენ და "ვეფხისტყაოსანი"/ პროექტის ხელმძღვანელი შავლეგ შავერდაშვილი ; იდეის ავტორი მანანა კარტოზია ;
Volume number/sequential designation წგ.5
520 ## - SUMMARY, ETC.
Summary, etc
653 ## - INDEX TERM--UNCONTROLLED
Uncontrolled term რუსთაველი და მისი ვეფხისთყაოსანი
653 ## - INDEX TERM--UNCONTROLLED
Uncontrolled term ვეფხისტყაოსნის გამოცემები - ბიბლიოგრაფია
700 ## - ADDED ENTRY--PERSONAL NAME
Personal name ღვინჯილია, ლევან
Relator term მთავარი რედაქტორი
9 (RLIN) 310
700 ## - ADDED ENTRY--PERSONAL NAME
Personal name თაქთაქიშვილი, ლევან
9 (RLIN) 328
700 ## - ADDED ENTRY--PERSONAL NAME
Personal name შავერდაშვილი, შავლეგ
Relator term პროექტის ხელმძღვანელი
9 (RLIN) 329
700 ## - ADDED ENTRY--PERSONAL NAME
Personal name კარტოზია, მანანა
Relator term იდეის ავტორი
9 (RLIN) 330
942 ## - ADDED ENTRY ELEMENTS (KOHA)
Koha item type წიგნი
Source of classification or shelving scheme
ეგზემპლარები
ჩამოწერის სტატუსი დაკარგული ეგზემპლარის სტატუსი კლასიფიკაციის წყარო ან თაროზე გაწყობის სქემა დაზიანების სტატუსი არ გაიცემა მუდმივი მდებარეობა (დაცვის ადგილი) ამჟამინდელი ადგილსამყოფელი თაროზე განთავსების ადგილი შეძენის თარიღი ღირებულება, შესყიდვის ნორმალური ფასი სრული შენახვის შიფრი შტრიხკოდი ბოლო ოპერაციის თარიღი ფასის ძალაში შესვლის თარიღი ეგზემპლარის სახეობა საჯარო შენიშვნა
          ბათუმის შოთა რუსთაველის სახელმწიფო უნივერსიტეტის მთავარი ბიბლიოთეკა ბათუმის შოთა რუსთაველის სახელმწიფო უნივერსიტეტის მთავარი ბიბლიოთეკა წიგნსაცავი 2018-12-17 50.00 016:821.353.1-13 ჩ-97 22965 2018-12-17 2018-12-17 წიგნი 50 ლ.
          ბათუმის შოთა რუსთაველის სახელმწიფო უნივერსიტეტის მთავარი ბიბლიოთეკა ბათუმის შოთა რუსთაველის სახელმწიფო უნივერსიტეტის მთავარი ბიბლიოთეკა წიგნსაცავი 2018-12-17 50.00 016:821.353.1-13 ჩ-97 40872 2018-12-17 2018-12-17 წიგნი 50 ლ.